The role of shamanism in Korean society in its inter- and intra-cultural contacts (Record no. 9012)

MARC details
000 -LEADER
fixed length control field 00407nam a22001337a 4500
008 - FIXED-LENGTH DATA ELEMENTS--GENERAL INFORMATION
fixed length control field 220610b |||||||| |||| 00| 0 eng d
020 ## - INTERNATIONAL STANDARD BOOK NUMBER
International Standard Book Number 9789949322978
082 ## - DEWEY DECIMAL CLASSIFICATION NUMBER
Classification number 398.22 SEO 2013
100 ## - MAIN ENTRY--PERSONAL NAME
Personal name Seo, Jinseok
245 ## - TITLE STATEMENT
Title The role of shamanism in Korean society in its inter- and intra-cultural contacts
260 ## - PUBLICATION, DISTRIBUTION, ETC.
Place of publication, distribution, etc. Tartu :
Name of publisher, distributor, etc. University of Tartu Press,
Date of publication, distribution, etc. 2013.
300 ## - PHYSICAL DESCRIPTION
Extent 201 p.
Dimensions 25 cm.
942 ## - Added entry Elements (Koha)
Source of classification or shelving scheme Dewey Decimal Classification
Holdings
Withdrawn status Lost status Source of classification or shelving scheme Damaged status Not for loan Collection code Home library Current library Shelving location Date acquired Serial Enumeration / chronology Total Checkouts Total Renewals Full call number Barcode Date last seen Date last checked out Price effective from Koha item type
    Dewey Decimal Classification     Main TEST RTC Library RTC Library Main opac 10/06/2022 16451 2 5 306.6 SEO 2013 30015471 25/11/2025 22/09/2025 10/06/2022 Main
Royal Thimphu College || All Right Reserved